LEADER 00905nam0-22003251i-450- 001 990003207000403321 035 $a000320700 035 $aFED01000320700 035 $a(Aleph)000320700FED01 035 $a000320700 100 $a20000920d1971----km-y0itay50------ba 101 0 $aita 102 $aIT 200 1 $aStoria e critica dell'opinione pubblica$fJürgen Habermas. 210 $aBari$cLaterza$d1971. 215 $a310 p.$d22 cm 225 1 $aBiblioteca di cultura moderna$v713 300 $a[Trad. di: Strukturwandel der Oeffentlichkeit, 1962] 676 $a12740 676 $a13140 676 $a13740 702 1$aHabermas,$bJürgen$f<1929- > 801 0$aIT$bUNINA$gRICA$2UNIMARC 901 $aBK 912 $a990003207000403321 952 $a13140 HAB$b5268/I$fSES 959 $aSES 996 $aStoria e critica dell'opinione pubblica$9454425 997 $aUNINA DB $aING01 LEADER 02029nam 22006254a 450 001 9910455568003321 005 20200520144314.0 010 $a1-280-08661-0 010 $a9786610086610 010 $a0-585-47910-0 035 $a(CKB)111087027996012 035 $a(OCoLC)559577805 035 $a(CaPaEBR)ebrary10044930 035 $a(SSID)ssj0000089135 035 $a(PQKBManifestationID)11111138 035 $a(PQKBTitleCode)TC0000089135 035 $a(PQKBWorkID)10111324 035 $a(PQKB)10063044 035 $a(MiAaPQ)EBC3050614 035 $a(Au-PeEL)EBL3050614 035 $a(CaPaEBR)ebr10044930 035 $a(CaONFJC)MIL8661 035 $a(OCoLC)495528351 035 $a(EXLCZ)99111087027996012 100 $a20030701d2003 uf 0 101 0 $aeng 135 $aurcn||||||||| 181 $ctxt 182 $cc 183 $acr 200 10$aReaching the rural poor$b[electronic resource] $ea renewed strategy for rural development 210 $aWashington, DC $cWorld Bank$dc2003 215 $a1 online resource (208 p.) 300 $a"Csaba Csaki ... is the principal author of this document, with significant input from Cornelis de Haan"--P. vii. 311 $a0-8213-5459-0 320 $aIncludes bibliographical references. 606 $aRural development$zDeveloping countries 606 $aRural poor$xServices for$zDeveloping countries 606 $aRural development projects$zDeveloping countries 606 $aAgricultural development projects$zDeveloping countries 608 $aElectronic books. 615 0$aRural development 615 0$aRural poor$xServices for 615 0$aRural development projects 615 0$aAgricultural development projects 676 $a307.1/412/091724 700 $aCsa?ki$b Csaba$0902483 701 $aHaan$b C. de$0869085 801 0$bMiAaPQ 801 1$bMiAaPQ 801 2$bMiAaPQ 906 $aBOOK 912 $a9910455568003321 996 $aReaching the rural poor$92252989 997 $aUNINA LEADER 04064oam 2200505I 450 001 9910511715803321 005 20220105200314.0 010 $a9789004343047$belectronic book 010 $a90-04-34304-0 010 $z90-04-34303-2 024 7 $a10.1163/9789004343047 035 $a(CKB)3710000001386681 035 $a(MiAaPQ)EBC5024400 035 $a 2017016711 035 $a(nllekb)BRILL9789004343047 035 $a(PPN)22094945X 035 $a(EXLCZ)993710000001386681 100 $a20170405d2017 uy 0 101 0 $aeng 135 $aurcnu|||||||| 181 $2rdacontent 182 $2rdamedia 183 $2rdacarrier 200 00$aArabic in context$b[e-book] $ecelebrating 400 years of Arabic at Leiden University /$fedited by Ahmad al-Jallad, Leiden University 210 1$aLeiden ;$aBoston :$cBrill,$d2017. 215 $a1 online resource (527 pages) $cillustrations 225 0 $aStudies in Semitic languages and linguistics ;$vv. 89 300 $aPapers presented at a colloquium held in November 2013 in Leiden on the theme of "Arabic in Context," organised on the occasion of the 400th anniversary of Leiden's chair in Arabic. 320 $aIncludes bibliographical references and index. 327 $tFront Matter /$rAhmad Al-Jallad --$tArabic in Its Semitic Context /$rJohn Huehnergard --$tHow Conservative and How Innovating is Arabic? /$rAndrzej Zaborski --$tThe ?Ayn ?Abada Inscription Thirty Years Later: A Reassessment /$rManfred Kropp --$tAramaic or Arabic? The Nabataeo-Arabic Script and the Language of the Inscriptions Written in This Script /$rLaïla Nehmé --$tGraeco-Arabica I: The Southern Levant /$rAhmad Al-Jallad --$tTraces of South Arabian Causative-Reflexive Verbal Stem in Arabic Lexicon? /$rDaniele Mascitelli --$tArabic alla?? / illi as Subordinators: An Alternative Perspective /$rLutz Edzard --$tRaphelengius and the Yellow Cow (Q 2:69): Early Translations of Hebrew ??d?m into Arabic ?a?far /$rJordi Ferrer i Serra --$tTerminative-Adverbial and Locative-Adverbial Endings in Semitic Languages: A Reassessment and Its Implications for Arabic /$rFrancesco Grande --$tOn the Middle Iranian Borrowings in Qur??nic (and Pre-Islamic) Arabic /$rJohnny Cheung --$tTraces of Bilingualism/Multilingualism in Qur??nic Arabic /$rGuillaume Dye --$tA Syriac Reading of the Qur??n? The Case of S?rat al-Kaw?ar /$rMartin F.J. Baasten --$tOrthography and Reading in Medieval Judaeo-Arabic /$rGeoffrey Khan --$tLinguistic History and the History of Arabic: A Speech Communities Approach /$rAlexander Magidow --$tDigging Up Archaic Features: ?Neo-Arabic? and Comparative Semitic in the Quest for Proto Arabic /$rNa?ama Pat-El --$tThe Arabic Strata in Awjila Berber /$rMarijn van Putten and Adam Benkato --$tIndexes /$rAhmad Al-Jallad. 330 $aThe writing of Arabic?s linguistic history is by definition an interdisciplinary effort, the result of collaboration between historical linguists, epigraphists, dialectologists, and historians. The present volume seeks to catalyse a dialogue between scholars in various fields who are interested in Arabic?s past and to illustrate how much there is to be gained by looking beyond the traditional sources and methods. It contains 15 innovative studies ranging from pre-Islamic epigraphy to the modern spoken dialect, and from comparative Semitics to Middle Arabic. The combination of these perspectives hopes to stand as an important methodological intervention, encouraging a shift in the way Arabic?s linguistic history is written. 410 0$aStudies in Semitic Languages and Linguistics$v89. 606 $aArabic language$xHistory$vCongresses 606 $aArabic language$vCongresses 608 $aElectronic books. 615 0$aArabic language$xHistory 615 0$aArabic language 676 $a492.709 701 $aJallad$b Ahmad$f1985-$01066283 801 0$bNL-LeKB 801 1$bNL-LeKB 906 $aBOOK 912 $a9910511715803321 996 $aArabic in context$92548930 997 $aUNINA LEADER 01010cam a22002534i 4500 001 991000503319707536 008 030115s2002 sp b 001 0 spa 020 $a8495379465 035 $ab12626648-39ule_inst 040 $aDip.to Studi Giuridici$bita 082 0 $a323.119 100 1 $aClavero, Bartolome$0426574 245 10$aGenocidio y justicia :$bla destruccion de las Indias, ayer y hoy /$cBartolomé Clavero 260 $aMadrid :$bMarcial Pons,$c2002 300 $a173 p. ;$c21 cm 440 0$aHistoria.$pEstudios 650 0$aDiritti umani$zAmerica latina 907 $a.b12626648$b02-04-14$c03-03-04 912 $a991000503319707536 945 $aLE027 323.11 CLA01.01$g1$iLE027-12924$lle027$o-$pE20.00$q-$rl$s- $t0$u0$v0$w0$x0$y.i13122356$z03-03-04 945 $aLE023 323.119 CLA 1 1$g1$i2023000086230$lle023$o-$pE12.37$q-$rn$so $t0$u1$v0$w1$x0$y.i14249868$z12-06-06 996 $aGenocidio y justicia$9277321 997 $aUNISALENTO 998 $ale027$ale023$b03-03-04$cm$da $e-$fspa$gsp $h0$i1